Statistiques concernant Pays par frontières dans 60 secondes

Cliquez ici pour prendre le quiz!

Statistiques générales

  • Ce quiz a été pris 1 658 fois
  • Le résultat moyen est 110 sur 157

Réponses sur la Carte

Les réponses sont colorées sur une échelle allant du rouge au vert en fonction du pourcentage des utilisateurs qui les ont devinées à leur premier essai. Vous pouvez retrouver ces pourcentages ci-dessous.
 

Statistiques - réponses

Country% Correct
Brésil
99%
France
99%
Chine
97%
Russie
97%
Etats-Unis
96%
Mongolie
96%
Suriname
96%
Allemagne
95%
Bolivie
95%
Inde
95%
Kazakhstan
95%
Mexique
95%
Pakistan
95%
Pologne
95%
Argentine
94%
Canada
94%
Corée du Nord
94%
Myanmar
94%
Suisse
94%
Ukraine
94%
Azerbaïdjan
93%
Bhoutan
93%
Finlande
93%
Népal
93%
Norvège
93%
Pérou
93%
Biélorussie
92%
Algérie
90%
Colombie
90%
Libye
90%
Espagne
89%
Niger
89%
Paraguay
89%
Irak
88%
Italie
88%
Mali
88%
Mauritanie
88%
Rép dém du Congo
88%
République
Centrafricaine
88%
Soudan du Sud
88%
Lituanie
87%
Zambie
87%
Belgique
86%
République
du Congo
86%
Tanzanie
86%
Turquie
86%
Angola
85%
Estonie
85%
Géorgie
85%
Lettonie
85%
Luxembourg
85%
Ouganda
85%
Pays-Bas
85%
Soudan
85%
Uruguay
84%
Venezuela
84%
Afghanistan
83%
Andorre
83%
Arabie Saoudite
83%
Cameroun
83%
Rwanda
83%
Iran
82%
Namibie
82%
Botswana
81%
Burundi
81%
Maroc
81%
Afrique du Sud
80%
Tchad
80%
Zimbabwe
79%
Guyana
78%
Chili
77%
Laos
77%
Oman
77%
Autriche
76%
Bulgarie
76%
Éthiopie
76%
Jordanie
76%
Mozambique
76%
Arménie
75%
Burkina Faso
75%
Hongrie
75%
Yémen
75%
Gabon
74%
Émirats arabes unis
72%
Koweït
72%
Lesotho
71%
Roumanie
71%
Viêt Nam
71%
Égypte
70%
Serbie
70%
Swaziland
70%
Nigeria
67%
Turkménistan
67%
Guinée
66%
Malaisie
66%
Bangladesh
65%
Kenya
65%
Qatar
65%
Sénégal
65%
Tchéquie
65%
Côte d'Ivoire
64%
Somalie
64%
Indonésie
63%
Kirghizistan
63%
Sri Lanka
63%
Tadjikistan
63%
Grèce
61%
Slovénie
61%
Macédoine
60%
Monaco
60%
Danemark
59%
Djibouti
59%
Érythrée
59%
Tunisie
58%
Croatie
57%
Portugal
57%
Papouasie-
Nouvelle-Guinée
56%
Bénin
55%
Guatemala
55%
Suède
55%
Thaïlande
55%
Timor-Leste
55%
Costa Rica
54%
Monténégro
54%
Panama
54%
Syrie
54%
Irlande
53%
Royaume-Uni
53%
Équateur
52%
Slovaquie
51%
Bosnie-Herzégovine
50%
Cambodge
50%
Ghana
48%
Honduras
48%
Nicaragua
48%
Togo
46%
Albanie
45%
Belize
45%
Israël
45%
Moldavie
44%
Kosovo
41%
Salvador
38%
Guinée-Bissau
36%
Saint-Marin
36%
Vatican
36%
Liberia
35%
Sierra Leone
31%
Ouzbékistan
30%
Liechtenstein
29%
Haïti
28%
République
dominicaine
28%
Malawi
26%
Gambie
24%
Liban
21%
Brunei
18%
Corée du Sud
18%
Guinée équatoriale
17%

Distribution des résultats

Percentile par nombre de réponses

% des personnes avec chaque résultat

Votre développement - résultats

Vous n’avez pas pris ce quiz